MDQL
is popping MORE tags! Check the
thread
!
Quizzes
Events
Quiz Creation
Community
Videos
Private Events
Remove Ads
Sign In
Join for FREE
Feedback
Dark Mode
Quiz Categories
Sports
Geography
Music
Movies
Television
Just For Fun
Miscellaneous
History
Literature
Language
Science
Gaming
Entertainment
Religion
Holiday
For Kids
Quiz Lab
Recent
Popular Today
Quiz Kudos Today
Editor Picks
Curator Picks
Quizzes by...
Day
Popularity
Type
Ratings
Length
Year
Community
Subscriptions
Recent Discussions
Orange Saloon
Badges
Playlists
Quests
Create
Leaderboards
Showdown
Live 5
Trivia Bingo
Activity
Puzzle Library
Sporcle Events
Private Events
Virtual Trivia
Globe League
Become a Host
Pub Owners
SporcleCon
Opinionation
Our Games
Videos
Blog
Mobile Apps
Partnerships
Remove Ads and Go Orange
Feedback
Music
Pop Music
The Beatles
Song
Album
Lyrics
Bands
Singers
Artist
Clip
Rock
Rap
Classical
Billboard
Country Music
Kpop
Taylor Swift
Music
Pop Music
The Beatles
Song
Album
Lyrics
Bands
Singers
Artist
Clip
Rock
Rap
Classical
Billboard
Country Music
Kpop
Taylor Swift
Random Quiz
Search Sporcle
×
Quiz Lab
Quiz Lab
Music
Brother
Type in answers that appear in a list
Type in answers that appear in a list
Classic
Best Score? Go Orange.
Jonas Brothers Lyrics to Burnin Up Stats
Can you name the Burnin Up Lyrics?
By
PenguinLovaa
15m
200 Questions
1,431 Plays
1,431 Plays
1,431 Plays
Comments
Comments
Give Quiz Kudos
Give Quiz Kudos
-
- Ratings
hide this ad
Replay
Link that replays current quiz
Next Quiz
Link to next quiz in quiz playlist
You Got
0%
They Got
Avg Score
92%
Avg Friend Score
Upgrade to see
Score Distribution
Jump to the score distribution portion of the page
Score
0/200
Timer
15:00
0
Plays Today
% Correct
the
99.8%
and
99.8%
the
99.8%
the
99.8%
and
99.8%
the
99.8%
the
99.8%
the
99.8%
and
99.8%
the
99.8%
the
99.8%
and
99.8%
the
99.8%
the
99.8%
and
99.8%
the
99.8%
99.8%
99.8%
99.8%
99.8%
99.8%
99.8%
I
99.5%
I
99.5%
I
99.5%
I
99.5%
you
99.4%
you
99.4%
you
99.4%
you
99.4%
you
99.4%
you
99.4%
you
99.4%
you
99.4%
you
99.4%
you
99.4%
I'm
99.1%
I'm
99.1%
I'm
99.1%
I'm
99.1%
I'm
99.1%
I'm
99.1%
I'm
99.1%
I'm
99.1%
I'm
99.1%
I'm
99.1%
I'm
99.1%
I'm
99.1%
I'm
99.1%
I'm
99.1%
I'm
99.1%
go
98.2%
hot
97.8%
baby
97.6%
baby
97.6%
baby
97.6%
baby
97.6%
in
97.6%
baby
97.6%
baby
97.6%
baby
97.6%
baby
97.6%
baby
97.6%
baby
97.6%
know
97.2%
up
97.2%
up
97.2%
% Correct
up
97.2%
up
97.2%
know
97.2%
up
97.2%
up
97.2%
up
97.2%
up
97.2%
up
97.2%
up
97.2%
cold
97.1%
burnin'
97.1%
burnin'
97.1%
burnin'
97.1%
burnin'
97.1%
burnin'
97.1%
burnin'
97.1%
burnin'
97.1%
burnin'
97.1%
burnin'
97.1%
burnin'
97.1%
like
96.8%
you're
96.5%
into
96.5%
into
96.5%
into
96.5%
into
96.5%
into
96.5%
who
96.2%
am
96.2%
my
96.2%
who
96.2%
my
96.2%
who
96.2%
who
96.2%
who
96.2%
who
96.2%
around
96.2%
don't
96.1%
but
96%
me
95.7%
under
95.7%
under
95.7%
me
95.7%
under
95.7%
under
95.7%
under
95.7%
got
95.4%
for
95.4%
for
95.4%
for
95.4%
for
95.4%
for
95.4%
lava
95%
tryin'
95%
lava
95%
tryin'
95%
lava
95%
tryin'
95%
lava
95%
tryin'
95%
lava
95%
tryin'
95%
goin'
94.9%
goin'
94.9%
goin'
94.9%
goin'
94.9%
goin'
94.9%
% Correct
on
94.8%
slippin
94.1%
keep
94.1%
slippin'
94.1%
keep
94.1%
slippin'
94.1%
keep
94.1%
slippin'
94.1%
keep
94.1%
slippin'
94.1%
keep
94.1%
from
93.8%
from
93.8%
from
93.8%
from
93.8%
toes
93.7%
temperature
91.1%
temperature
91.1%
temperature
91.1%
temperature
91.1%
temperature
91.1%
hotter
89.9%
hotter
89.9%
hotter
89.9%
hotter
89.9%
hotter
89.9%
'cause
88.6%
cause'
88.6%
cause'
88.6%
cause'
88.6%
cause'
88.6%
high
86.9%
can
86.1%
dress
84.5%
red
84.4%
you've
84.1%
heels
83.4%
all
82.4%
all
82.4%
turned
81.4%
so
81.4%
turned
81.4%
turned
81.4%
turned
81.4%
turned
81.4%
catch
78.9%
can't
78.8%
breath
78.8%
myself
78.5%
is
78.3%
hold
78.1%
see
78%
back
77.8%
it
77.3%
fast
77.2%
too
77%
fell
76.6%
feel
75.9%
gotta
75.2%
by
74.1%
down
72%
yourself
68.3%
room
65.9%
starin'
65.3%
walk
62.4%
*BIG ROB SOLO* (NOT INCLUDED)
0.8%
Quiz Playlist
Details
Report
Send in Message
Add To Playlist
Classic:
Type in answers that appear in a list
Last Updated: Feb 16, 2017
Quiz Scoreboard
CHALLENGE
Sign Up to Join the Scoreboard
Show All
Scores
Hide
Comments
May contain spoilers
Recently Published
Colored Red Africa Blitz
by spor1
Geography
30s
Find the 'City' Movie
by crazypaving
Movies
60s
5x2 Blitz: Bands
by SL_Kpop136
Music
30s
More to Explore
Quiz From the Vault
Featured Blog Post
14 Easter Pick-up Lines to Find Eggs With
hide this ad
You Might Also Like...
Tags
Brother
jena
Today's Top Quizzes in Music
Browse Music
hide this ad
Today's Top Quizzes in Brother
Browse Brother
Top Contributed Quizzes in Music
1
5X2 Blitz: Bands II
2
Taylor Swift All Songs (2024)
3
5X2 Blitz: The Beatles
4
5X2 Blitz: Billboard
5
Taylor Swift Logic Puzzle
6
Taylor Swift Logic Puzzle II
7
5X2 Blitz: Album
8
5X2 Blitz: Billboard II
9
Music Artist by Three 2010s hits
10
5X2 Blitz: Rock
Explore More
Trending Topics
Disney
Crossword
Harry Potter
Marvel
NBA
Kpop
Anime
Soccer
Puzzle
Song
Pokémon
Country
NFL
The Office
WWE
hide this ad
More By:
PenguinLovaa
Quiz
Plays
Rating
Category
Featured
Created
Jonas Brothers Lyrics to Burnin Up
1,431
2.67
Music
Feb 1, 2011
Go to Creator's Profile
Score Distribution
Quiz Creator Spotlight
PenguinLovaa
Follow
Send a Message
Quizzes Created
-
Created Quiz Play Count
-
More By This Creator
Popular Quizzes Today
1
5x2 Blitz: Bands
2
Find the 'City' Movie
3
Find the US States - No Outlines Minefield
4
Colored Red Africa Blitz
5
The Countries of the World
6
Find the US States
7
9x9 Crossword: Cartoon Network
8
Risky Map Clicking: Biggest States A-Z
More Music Quizzes
Taylor Swift's 'Lover' Album Lyrics
Editor's Pick
Trending Quizzes
Colored Red Africa Blitz II
Colored Red Europe Blitz I
Find the 'Dark' Movie
Find the 'Day' Movie
Find the 'Good' Movie
Recently Updated
Champions League XIs: Real Madrid
pecheneg
Largest US Cities 1790-2010
pecheneg
Rides in Walt Disney World
pecheneg
Most Oscar Losses (Acting)
pecheneg
Beyoncé Albums
pecheneg
Leaping Animals
pecheneg
Reality TV Shows (A-Z)
bhenderson79
Rickey Henderson's Hall of Fame Teammates
pecheneg
Champions League XIs: Arsenal
pecheneg
Quick Pick: Celebrities in WWE's Hall of Fame
aduchscher
Trending Topics
Marvel
Kpop
Anime
Crossword
Disney
NBA
Harry Potter
Country
The Office
NFL
Pokémon
Soccer
WWE
Puzzle
Song
Your Account Isn't Verified!
In order to create a playlist on Sporcle, you need to verify the email address you used during registration. Go to your
Sporcle Settings
to finish the process.
Report this User
Report this user for behavior that violates our
Community Guidelines
.
Details:
Send Report
Go to the Sporcle.com Mobile Site →
Comments